<?xml version="1.0" encoding="UTF-8"?>
<collection xmlns="http://www.loc.gov/MARC21/slim">
 <record>
  <leader>     na                 </leader>
  <controlfield tag="001">INLIS000000000690083</controlfield>
  <controlfield tag="005">20200118111337</controlfield>
  <datafield tag="035" ind1=" " ind2=" ">
   <subfield code="a">0010-0618000045</subfield>
  </datafield>
  <controlfield tag="008">200118                           0      </controlfield>
  <datafield tag="245" ind1=" " ind2=" ">
   <subfield code="a">Jawara TPA</subfield>
  </datafield>
  <datafield tag="260" ind1=" " ind2=" ">
   <subfield code="a">Yogyakarta :</subfield>
   <subfield code="b">Literindo,</subfield>
   <subfield code="c">2018</subfield>
  </datafield>
  <datafield tag="990" ind1=" " ind2=" ">
   <subfield code="a">00502294/DPKBWI/2018</subfield>
  </datafield>
  <datafield tag="990" ind1=" " ind2=" ">
   <subfield code="a">00502295/DPKBWI/2018</subfield>
  </datafield>
  <datafield tag="990" ind1=" " ind2=" ">
   <subfield code="a">00502296/DPKBWI/2018</subfield>
  </datafield>
  <datafield tag="990" ind1=" " ind2=" ">
   <subfield code="a">00502297/DPKBWI/2018</subfield>
  </datafield>
  <datafield tag="990" ind1=" " ind2=" ">
   <subfield code="a">00502298/DPKBWI/2018</subfield>
  </datafield>
 </record>
</collection>
